000 00515nam a22001937a 4500
999 _c7738
_d7738
003 OSt
005 20220223125816.0
008 220223b ||||| |||| 00| 0 eng d
020 _a81-259-0337-2
040 _cDDC
082 _a658.4013 CHA ,1997
100 _aCHANDAN ,JS
_95967
245 _aMANAGERIALCONCEPTS AND STRATEGIES
260 _aNEWYORK;
_bVIKAS PUBLISHING HOUSE,
_c1997
300 _aX1,552P.
_bILL
_c22CM
504 _aINCLUDES INDEX
650 _aMANAGEMENT STRATEGIES
_915792
942 _2ddc
_cBOOK